[Event "2. Bundesliga Mitte 2013/2014"]
[Site "Gleisdorf"]
[Date "2013.11.16"]
[Round "4"]
[Board "3"]
[White "Pesorda, Ivan"]
[Black "Tschohl, Christof"]
[Result "1-0"]
[WhiteElo "2246"]
[BlackElo "2146"]
[PlyCount "69"]
[EventDate "2013.10.04"]
[EventType "team"]
[EventRounds "11"]
[EventCountry "AUT"]
[WhiteTeam "Strassenbahn Graz"]
[BlackTeam "SV Raika Rapid Feffernitz II"]

1. d4 Nf6 2. c4 b6 3. f3 e6 4. e4 Nxe4 5. fxe4 Qh4+ 6. Kd2 Qxe4 7. Nf3 Nc6 8.
Nc3 Qg4 9. Ke1 Bb7 10. Be3 Bb4 11. Kf2 O-O 12. Bd3 f5 13. h3 Qg6 14. d5 Ne7 15.
Ne5 Qe8 16. dxe6 dxe6 17. Qa4 Qxa4 18. Nxa4 f4 19. Bd4 Rad8 20. Bc3 Bd6 21.
Rad1 Nf5 22. Bxf5 Rxf5 23. Rhe1 Re8 24. h4 Be7 25. Nf3 a5 26. Re5 Bxf3 27. Kxf3
Rxe5 28. Bxe5 Bxh4 29. Kxf4 c6 30. Rd7 b5 31. cxb5 cxb5 32. Rxg7+ {
[%emt 0:00:00]} Kf8 33. Rb7 {[%emt 0:00:00]} Be1 34. Kf3 bxa4 35. Ra7 1-0

[Event "2. Bundesliga Mitte 2013/2014"]
[Site "Gleisdorf"]
[Date "2013.11.16"]
[Round "4"]
[Board "4"]
[White "Pacher, Simon"]
[Black "Steiner, Stefan"]
[Result "0-1"]
[WhiteElo "2044"]
[BlackElo "2284"]
[PlyCount "78"]
[EventDate "2013.10.04"]
[EventType "team"]
[EventRounds "11"]
[EventCountry "AUT"]
[WhiteTeam "SV Raika Rapid Feffernitz II"]
[BlackTeam "Strassenbahn Graz"]

1. e4 Nc6 2. d4 d5 3. exd5 Qxd5 4. Be3 e5 5. c4 Qa5+ 6. Nc3 exd4 7. Bxd4 Be6 8.
Be3 Bb4 9. Qc2 Nge7 10. Nf3 Nf5 11. Bd3 Nxe3 12. fxe3 O-O-O 13. O-O Ne5 14.
Nxe5 Qxe5 15. Rf3 Bxc3 16. bxc3 Rd6 17. Rb1 c5 18. Be4 b6 19. Bf5 f6 20. Bxe6+
Qxe6 21. Qa4 Kb7 22. Rg3 g6 23. Rd1 Rhd8 24. Rxd6 Rxd6 25. Rh3 h5 26. Qc2 f5
27. Qe2 Kc7 28. Kf2 Qe4 29. Rf3 Qe5 30. e4 fxe4 31. g3 Rf6 32. Rxf6 Qxf6+ 33.
Ke3 Qxc3+ 34. Kxe4 Qd4+ 35. Kf3 Qg4+ 36. Kf2 Qxe2+ 37. Kxe2 Kc6 38. a4 a6 39.
Kd3 b5 0-1

[Event "2. Bundesliga Mitte 2013/2014"]
[Site "Gleisdorf"]
[Date "2013.11.16"]
[Round "4"]
[Board "5"]
[White "Detter, Peter"]
[Black "Hofer, Christian"]
[Result "1/2-1/2"]
[WhiteElo "2069"]
[BlackElo "1942"]
[PlyCount "61"]
[EventDate "2013.10.04"]
[EventType "team"]
[EventRounds "11"]
[EventCountry "AUT"]
[WhiteTeam "Strassenbahn Graz"]
[BlackTeam "SV Raika Rapid Feffernitz II"]

1. Nf3 Nf6 2. c4 g6 3. Nc3 d5 4. cxd5 Nxd5 5. Qa4+ Nc6 6. Ne5 Nxc3 7. dxc3 Bd7
8. Nxd7 Qxd7 9. e4 Ne5 10. Qxd7+ Nxd7 11. Be3 a6 12. O-O-O Bg7 13. Be2 b5 14.
Rd2 Nb6 15. Rhd1 Na4 16. f4 c5 17. e5 O-O 18. Rd7 f6 19. Rxe7 fxe5 20. fxe5
Rfe8 21. Rdd7 Rxe7 22. Rxe7 Kf8 23. Re6 Kf7 24. Bg4 h5 25. Bh3 b4 26. cxb4 cxb4
27. Bf4 Nc5 28. Rd6 Re8 29. Rd5 Bxe5 30. Bd2 Ne4 31. Bxb4 {
Rest nicht leserlich!} 1/2-1/2

[Event "2. Bundesliga Mitte 2013/2014"]
[Site "Gleisdorf"]
[Date "2013.11.16"]
[Round "4"]
[Board "6"]
[White "Koefeler, Christian"]
[Black "Kainz, Josef"]
[Result "1/2-1/2"]
[WhiteElo "2007"]
[BlackElo "1961"]
[PlyCount "83"]
[EventDate "2013.10.04"]
[EventType "team"]
[EventRounds "11"]
[EventCountry "AUT"]
[WhiteTeam "SV Raika Rapid Feffernitz II"]
[BlackTeam "Strassenbahn Graz"]

1. e4 c5 2. c3 d5 3. exd5 Qxd5 4. d4 Nf6 5. Nf3 Bg4 6. dxc5 Qxd1+ 7. Kxd1 e5 8.
b4 e4 9. h3 Bh5 10. g4 Nxg4 11. hxg4 Bxg4 12. Be2 exf3 13. Bc4 Nc6 14. Re1+ Be7
15. Bf4 Rd8+ 16. Nd2 Kf8 17. Kc2 g5 18. Rxe7 Kxe7 19. Bxg5+ Kd7 20. Bxd8 Nxd8
21. Re1 h5 22. Bd5 h4 23. Rh1 h3 24. Rh2 f5 25. Bxf3 Bxf3 26. Nxf3 Ne6 27. Ng1
Nf4 28. Kd2 Ke6 29. Ke3 Nd5+ 30. Kf3 Nxc3 31. Nxh3 Kf6 32. a3 Nb1 33. a4 Nc3
34. Kg3 Nxa4 35. Rh1 Nc3 36. Ra1 a6 37. c6 Ne4+ 38. Kg2 bxc6 39. Rxa6 Rg8+ 40.
Kf3 Rb8 41. Rxc6+ Ke7 42. Nf4 1/2-1/2

[Event "2. Bundesliga Mitte 2013/2014"]
[Site "Grieskirchen"]
[Date "2013.11.17"]
[Round "5"]
[Board "1"]
[White "Taggatz, Mario"]
[Black "Hartl, Daniel"]
[Result "0-1"]
[WhiteElo "2222"]
[BlackElo "2286"]
[PlyCount "92"]
[EventDate "2013.10.04"]
[EventType "team"]
[EventRounds "11"]
[EventCountry "AUT"]
[WhiteTeam "Spg. Sauwald"]
[BlackTeam "SC MPOE Maria Saal II"]

1. d4 d5 2. Bf4 Nf6 3. e3 Bf5 4. c4 c6 5. Nc3 e6 6. Qb3 Qc8 7. Nf3 Nbd7 8. Rc1
a6 9. h3 Be7 10. Be2 O-O 11. O-O dxc4 12. Bxc4 b5 13. Be2 c5 14. a4 b4 15. Nb1
Qe8 16. Nbd2 cxd4 17. exd4 Nb6 18. a5 Nbd5 19. Bh2 Qd8 20. Nc4 Rc8 21. Qa4 Ne4
22. Nce5 Rxc1 23. Rxc1 Bg5 24. Re1 f6 25. Nd3 Qe7 26. Nxg5 Nxg5 27. Qc6 Qa7 28.
Nc5 Qf7 29. Bd3 Bxd3 30. Nxd3 Qg6 31. Qxa6 Nf3+ 32. Kh1 Nxe1 33. Qxe6+ Kh8 34.
Nxe1 Re8 35. Qxd5 Rxe1+ 36. Bg1 h6 37. a6 Ra1 38. f3 Qb1 39. Qa8+ Kh7 40. Qe4+
Qxe4 41. fxe4 Rxa6 42. e5 Kg6 43. g4 Ra2 44. e6 Rxb2 45. h4 f5 46. Bh2 Rxh2+
 0-1

[Event "2. Bundesliga Mitte 2013/2014"]
[Site "Grieskirchen"]
[Date "2013.11.17"]
[Round "5"]
[Board "2"]
[White "Halvax, Georg"]
[Black "Renner, Christoph"]
[Result "0-1"]
[WhiteElo "2314"]
[BlackElo "2379"]
[PlyCount "74"]
[EventDate "2013.10.04"]
[EventType "team"]
[EventRounds "11"]
[EventCountry "AUT"]
[WhiteTeam "SC MPOE Maria Saal II"]
[BlackTeam "Spg. Sauwald"]

1. e4 e6 2. d4 d5 3. Nc3 Bb4 4. e5 b6 5. a3 Bxc3+ 6. bxc3 Qd7 7. Qg4 f5 8. Qg3
Ba6 9. Bxa6 Nxa6 10. Ne2 Nb8 11. Nf4 Nc6 12. Nxe6 Qxe6 13. Qxg7 Qg6 14. Qxh8
O-O-O 15. O-O Re8 16. h4 Nd8 17. h5 Qf7 18. a4 Ne6 19. a5 b5 20. h6 Qg6 21. Ba3
Qxh6 22. Rfd1 Qg6 23. Rab1 a6 24. c4 bxc4 25. Bc5 f4 26. Kf1 f3 27. gxf3 Nf4
28. Bb4 Qg2+ 29. Ke1 Qxf3 30. Kd2 Ne2 31. Qxh7 c3+ 32. Ke1 Nf4 33. Qf5+ Re6 34.
Qf8+ Kd7 35. Qg7+ Ne7 36. Kf1 Qe2+ 37. Kg1 Rg6+ 0-1

[Event "2. Bundesliga Mitte 2013/2014"]
[Site "Grieskirchen"]
[Date "2013.11.17"]
[Round "5"]
[Board "3"]
[White "Schmidt, Peter"]
[Black "Rieger, Robert"]
[Result "1/2-1/2"]
[WhiteElo "2377"]
[BlackElo "2163"]
[PlyCount "62"]
[EventDate "2013.10.04"]
[EventType "team"]
[EventRounds "11"]
[EventCountry "AUT"]
[WhiteTeam "Spg. Sauwald"]
[BlackTeam "SC MPOE Maria Saal II"]

1. Nf3 Nf6 2. g3 d5 3. Bg2 e6 4. O-O Be7 5. d4 O-O 6. c4 dxc4 7. Ne5 c5 8. dxc5
Bxc5 9. Qxd8 Rxd8 10. Nc3 Nc6 11. Nxc6 bxc6 12. Bxc6 Rb8 13. Bb5 Bd4 14. Bxc4
e5 15. Bb3 h6 16. Rd1 Bg4 17. Kg2 Bxc3 18. bxc3 Bxe2 19. Re1 Bh5 20. Rxe5 Bd1
21. Be3 Bxb3 22. axb3 Rxb3 23. Rxa7 Rxc3 24. Ree7 Rf8 25. Reb7 Nd5 26. Bd4 Rc4
27. Be5 Rc6 28. Rd7 Nb6 29. Rdb7 Nd5 30. Rd7 Nb6 31. Rdb7 Nd5 1/2-1/2

[Event "2. Bundesliga Mitte 2013/2014"]
[Site "Grieskirchen"]
[Date "2013.11.17"]
[Round "5"]
[Board "5"]
[White "Hiermann, Dietmar"]
[Black "Ertl, Johann"]
[Result "1-0"]
[WhiteElo "2290"]
[BlackElo "2260"]
[PlyCount "79"]
[EventDate "2013.10.04"]
[EventType "team"]
[EventRounds "11"]
[EventCountry "AUT"]
[WhiteTeam "Spg. Sauwald"]
[BlackTeam "SC MPOE Maria Saal II"]

1. e4 e6 2. d4 d5 3. Nd2 Nf6 4. e5 Nfd7 5. Bd3 c5 6. c3 Nc6 7. Ne2 cxd4 8. cxd4
f6 9. exf6 Nxf6 10. Nf3 Bd6 11. O-O Qc7 12. Bd2 O-O 13. Rc1 Qb6 14. Bc3 Ng4 15.
Ng3 e5 16. dxe5 Bxe5 17. Bxe5 Ncxe5 18. Be2 Nxf3+ 19. Bxf3 Nf6 20. Rc2 Be6 21.
Re1 d4 22. b3 Rad8 23. Rd2 Rd6 24. h3 Rfd8 25. Ne4 Nxe4 26. Bxe4 Bf7 27. Bd3
Re6 28. Rxe6 Qxe6 29. Re2 Qd7 30. Qe1 Re8 31. Rxe8+ Bxe8 32. Qe5 Bg6 33. Bc4+
Kf8 34. Qc5+ Qe7 35. Qxd4 Qc7 36. Qxa7 Bf7 37. Qa3+ Ke8 38. Bb5+ Kd8 39. Qf8+
Be8 40. Qxe8# 1-0

[Event "2. Bundesliga Mitte 2013/2014"]
[Site "Grieskirchen"]
[Date "2013.11.17"]
[Round "5"]
[Board "6"]
[White "Steiner, Josef"]
[Black "Testor, Sebastian"]
[Result "0-1"]
[WhiteElo "2121"]
[BlackElo "2308"]
[PlyCount "114"]
[EventDate "2013.10.04"]
[EventType "team"]
[EventRounds "11"]
[EventCountry "AUT"]
[WhiteTeam "SC MPOE Maria Saal II"]
[BlackTeam "Spg. Sauwald"]

1. Nf3 Nf6 2. g3 b5 3. a4 b4 4. c4 c5 5. d4 cxd4 6. Bg2 Bb7 7. O-O g6 8. Nxd4
Bxg2 9. Kxg2 Bg7 10. a5 Qc8 11. Nd2 O-O 12. e4 Nc6 13. Nxc6 Qxc6 14. Qa4 Rfc8
15. Qxc6 Rxc6 16. Ra4 Rb8 17. h3 d6 18. f4 Nd7 19. Rf3 Nc5 20. Ra1 Ra6 21. e5
dxe5 22. fxe5 Bxe5 23. Nb3 Nxb3 24. Rxb3 Rc6 25. Be3 a6 26. c5 Bc7 27. Ra4 f6
28. Raxb4 Rxb4 29. Rxb4 Bxa5 30. Rb8+ Kf7 31. b4 Bc7 32. Rc8 e5 33. g4 h5 34.
gxh5 gxh5 35. Bh6 f5 36. Bg5 Ke6 37. Bd2 Kd5 38. Kf2 Ke4 39. Bg5 a5 40. bxa5
Rxc5 41. Bd8 Bd6 42. Rxc5 Bxc5+ 43. Kf1 Kd5 44. Bc7 Bd4 45. Bb8 Kc6 46. Ke2 e4
47. Bg3 Kb5 48. Bc7 Bc5 49. Kd2 Kc6 50. Bb8 Bd6 51. Ba7 Bb4+ 52. Ke3 Bc5+ 53.
Bxc5 Kxc5 54. Kf4 h4 55. Kxf5 e3 56. Kg4 e2 57. Kxh4 e1=Q+ 0-1

[Event "2. Bundesliga Mitte 2013/2014"]
[Site "Grieskirchen"]
[Date "2013.11.17"]
[Round "5"]
[Board "2"]
[White "Traunwieser, Georg"]
[Black "Gergacz, Attila"]
[Result "0-1"]
[WhiteElo "2121"]
[BlackElo "2369"]
[PlyCount "66"]
[EventDate "2013.10.04"]
[EventType "team"]
[EventRounds "11"]
[EventCountry "AUT"]
[WhiteTeam "SPG Freistadt/Wartberg"]
[BlackTeam "SV Steyregg"]

1. d4 f5 2. e4 e6 3. Nc3 Bb4 4. Bd2 Nc6 5. exf5 exf5 6. Nd5 Bxd2+ 7. Qxd2 Nf6
8. Bc4 Ne4 9. Qe2 Nxd4 10. Qh5+ g6 11. Qh6 Ne6 12. Nh3 c6 13. Nc3 d5 14. O-O-O
Nxc3 15. bxc3 Qf6 16. Rhe1 Bd7 17. Nf4 O-O-O 18. Nxe6 Bxe6 19. Qe3 Rhe8 20. Bf1
Bf7 21. Qc5 Kb8 22. f4 Re4 23. Bd3 b6 24. Qa3 Rxe1 25. Rxe1 Re8 26. Re2 c5 27.
Qa4 Rxe2 28. Bxe2 Qe6 29. Bf3 Be8 30. Qa6 Qe3+ 31. Kb2 Bc6 32. c4 Qxf4 33. cxd5
Qb4+ 0-1

[Event "2. Bundesliga Mitte 2013/2014"]
[Site "Grieskirchen"]
[Date "2013.11.17"]
[Round "5"]
[Board "4"]
[White "Ly, Dominik"]
[Black "Enoeckl, Philipp"]
[Result "0-1"]
[WhiteElo "1851"]
[BlackElo "2339"]
[PlyCount "142"]
[EventDate "2013.10.04"]
[EventType "team"]
[EventRounds "11"]
[EventCountry "AUT"]
[WhiteTeam "SPG Freistadt/Wartberg"]
[BlackTeam "SV Steyregg"]

1. e4 e6 2. d4 d5 3. Nc3 Bb4 4. e5 Ne7 5. Nf3 b6 6. Bd3 Ba6 7. O-O Bxc3 8. bxc3
Bxd3 9. Qxd3 Qc8 10. Bg5 Qa6 11. Qd2 Nbc6 12. Bxe7 Nxe7 13. Nh4 Ng6 14. Nxg6
fxg6 15. Qd3 Qxd3 16. cxd3 Kd7 17. Rab1 Rac8 18. Rb5 c6 19. Rb3 Kc7 20. f4 Kb7
21. Kf2 c5 22. dxc5 Rxc5 23. d4 Rc4 24. a3 Ra4 25. Ke3 Rc4 26. Kd2 Rf8 27. Rf3
Rc7 28. Rb1 Ka6 29. Rb4 Rf5 30. Rb3 Rh5 31. h3 Rf5 32. Rb4 Rf8 33. Rb3 Ka5 34.
Rb4 Rcf7 35. Ke3 Rc7 36. Kd2 Rcf7 37. Ke3 b5 38. Rb1 a6 39. Rb4 Rc7 40. Kd2 Rc4
41. Kc2 Rc7 42. Kd2 Rcf7 43. Ke3 Rf5 44. Rb3 h6 45. h4 Rh5 46. Rh3 g5 47. hxg5
Rxh3+ 48. gxh3 hxg5 49. fxg5 Rh8 50. Rb1 Rxh3+ 51. Kd2 Rg3 52. Rf1 Rxg5 53. Rf7
Ka4 54. Kc2 a5 55. Ra7 Rg6 56. Ra6 Rh6 57. Ra7 g5 58. Rg7 Kxa3 59. Rxg5 b4 60.
cxb4 axb4 61. Rg8 b3+ 62. Kc1 b2+ 63. Kc2 Rh2+ 64. Kc3 Rh3+ 65. Kc2 Ka2 66.
Ra8+ Ra3 67. Rb8 Ka1 68. Rxb2 Ra2 69. Rxa2+ Kxa2 70. Kc3 Ka3 71. Kd3 Kb3 0-1

[Event "2. Bundesliga Mitte 2013/2014"]
[Site "Grieskirchen"]
[Date "2013.11.17"]
[Round "5"]
[Board "5"]
[White "Wiesinger, Robert"]
[Black "Lehner, Roland"]
[Result "1-0"]
[WhiteElo "2252"]
[BlackElo "2007"]
[PlyCount "93"]
[EventDate "2013.10.04"]
[EventType "team"]
[EventRounds "11"]
[EventCountry "AUT"]
[WhiteTeam "SV Steyregg"]
[BlackTeam "SPG Freistadt/Wartberg"]

1. e4 c5 2. Nf3 d6 3. d4 cxd4 4. Nxd4 Nf6 5. Nc3 g6 6. Bc4 Bg7 7. h3 O-O 8. Bb3
Nc6 9. O-O Bd7 10. Be3 a6 11. f4 Qc7 12. Nf3 Be6 13. Qe1 Bxb3 14. axb3 Rfe8 15.
Qh4 e6 16. Rae1 Ne7 17. g4 Rad8 18. Ng5 h6 19. Nf3 Nc6 20. f5 g5 21. Qf2 d5 22.
Bb6 Qc8 23. e5 Ne4 24. Nxe4 dxe4 25. Bxd8 Rxd8 26. f6 Bf8 27. Rxe4 Nb4 28. Rc4
Qd7 29. Kh1 Nd5 30. Rd1 b5 31. Rc3 Qb7 32. Rcd3 Rc8 33. c3 Bc5 34. Qf1 Ne3 35.
Rxe3 Bxe3 36. Qe2 Bf4 37. Kg1 Qb6+ 38. Rd4 Rd8 39. Kg2 Rd5 40. Rxd5 exd5 41.
Nd4 Kh8 42. e6 fxe6 43. Nxe6 Qc6 44. Nxf4 gxf4 45. Qe7 d4+ 46. Kg1 Qf3 47. Qg7#
 1-0

[Event "2. Bundesliga Mitte 2013/2014"]
[Site "Grieskirchen"]
[Date "2013.11.17"]
[Round "5"]
[Board "6"]
[White "Leisch, Lukas"]
[Black "Holzmann, Herbert"]
[Result "0-1"]
[WhiteElo "1757"]
[BlackElo "2097"]
[PlyCount "94"]
[EventDate "2013.10.04"]
[EventType "team"]
[EventRounds "11"]
[EventCountry "AUT"]
[WhiteTeam "SPG Freistadt/Wartberg"]
[BlackTeam "SV Steyregg"]

1. c4 Nf6 2. Nc3 g6 3. g3 Bg7 4. Bg2 c5 5. e3 Nc6 6. Nge2 d6 7. O-O O-O 8. b3
Bf5 9. d3 Qd7 10. Bb2 Bh3 11. Qd2 Bxg2 12. Kxg2 d5 13. Rad1 Rfd8 14. Qc1 e5 15.
cxd5 Nxd5 16. Ne4 b6 17. Qa1 f5 18. Ng5 h6 19. Nf3 Re8 20. Rfe1 Ndb4 21. Qb1
Rad8 22. Nc1 Qb7 23. a3 Nxd3 24. Nxd3 e4 25. Nh4 exd3 26. Bxg7 Kxg7 27. Qb2+
Kh7 28. Kg1 Ne5 29. Rd2 b5 30. Rc1 Qd5 31. Qc3 c4 32. b4 g5 33. f4 Nf3+ 34.
Nxf3 Qxf3 35. Qf6 Qxe3+ 36. Kh1 Qe6 37. Qb2 Qc6+ 38. Kg1 Kg6 39. h3 Rc8 40. Qc3
Qf3 41. fxg5 hxg5 42. Rg2 Qe3+ 43. Kh2 Qe5 44. Qd2 Rcd8 45. h4 gxh4 46. Kh3 Qe3
47. Qd1 Rh8 0-1

[Event "2. Bundesliga Mitte 2013/2014"]
[Site "Grieskirchen"]
[Date "2013.11.17"]
[Round "5"]
[Board "1"]
[White "Kilgus, Georg"]
[Black "Flumbort, Andras"]
[Result "1-0"]
[WhiteElo "2430"]
[BlackElo "2470"]
[PlyCount "131"]
[EventDate "2013.10.04"]
[EventType "team"]
[EventRounds "11"]
[EventCountry "AUT"]
[WhiteTeam "Spg. Grieskirchen/Sedda B.Schallerbach"]
[BlackTeam "ASK St. Valentin"]

1. d4 Nf6 2. Nf3 g6 3. c4 Bg7 4. g3 d5 5. cxd5 Nxd5 6. Bg2 Nb6 7. Nc3 Nc6 8.
O-O O-O 9. d5 Ne5 10. Qc2 c6 11. dxc6 Nxc6 12. Rd1 Bf5 13. e4 Bd7 14. a4 Rc8
15. Bf4 e5 16. Bg5 Qe8 17. a5 Nd4 18. Nxd4 exd4 19. axb6 dxc3 20. bxc3 axb6 21.
Ra3 b5 22. Qd2 Bc6 23. Qd6 Qe5 24. Qxe5 Bxe5 25. Be7 Rfe8 26. Bb4 Bg7 27. f3
Rcd8 28. Raa1 f5 29. exf5 gxf5 30. Kf2 Kf7 31. Bf1 f4 32. gxf4 Bf6 33. Be2 Bh4+
34. Kf1 Kf6 35. Bd6 Kf7 36. Be5 Bf6 37. Rxd8 Rxd8 38. Rd1 Rxd1+ 39. Bxd1 Bxe5
40. fxe5 Ke6 41. Kf2 Kxe5 42. Ke3 h6 43. f4+ Kf6 44. Bc2 b6 45. Kd4 Ke6 46. Be4
Bd7 47. Bd3 Bc6 48. Ke3 Bd7 49. Kd2 Kf6 50. Be4 Be8 51. Kc2 Bf7 52. Bd3 Bd5 53.
Kb2 Bc4 54. Be4 Ke6 55. Ka3 Bf1 56. Kb4 Kf6 57. Kb3 Bc4+ 58. Kc2 Be6 59. Kd3
Bd7 60. Bg2 Be6 61. Kd4 Bc4 62. Be4 Bf1 63. Kd5 Bc4+ 64. Kc6 Ke6 65. Kxb6 Kd6
66. Bc6 1-0

[Event "2. Bundesliga Mitte 2013/2014"]
[Site "Grieskirchen"]
[Date "2013.11.17"]
[Round "5"]
[Board "2"]
[White "Sandhoefner, Florian"]
[Black "Schwabeneder, Florian"]
[Result "1/2-1/2"]
[WhiteElo "2271"]
[BlackElo "2353"]
[PlyCount "67"]
[EventDate "2013.10.04"]
[EventType "team"]
[EventRounds "11"]
[EventCountry "AUT"]
[WhiteTeam "ASK St. Valentin"]
[BlackTeam "Spg. Grieskirchen/Sedda B.Schallerbach"]

1. e4 e6 2. d4 d5 3. Nd2 c5 4. exd5 Qxd5 5. Ngf3 cxd4 6. Bc4 Qd6 7. O-O $2 Nf6
8. Nb3 Nc6 9. Nbxd4 Nxd4 10. Nxd4 Bd7 11. c3 Qc7 12. Bd3 O-O-O 13. Qf3 h5 14.
Nb5 Bxb5 15. Bxb5 Ng4 16. Bf4 Bd6 17. Bxd6 Rxd6 18. g3 Rhd8 19. h3 Nf6 20. Rfd1
Rd2 21. b3 Qc5 22. Be2 h4 23. g4 Qe5 24. Re1 Rb2 25. Bd3 Qc5 26. Qe3 Qxe3 27.
Rxe3 Nd5 28. Rf3 g5 29. Rxf7 Nf4 30. Bf1 Rdd2 31. Rg7 Rxf2 32. Rd1 Rf3 33. Rdd7
Rb1 34. Rc7+ 1/2-1/2

[Event "2. Bundesliga Mitte 2013/2014"]
[Site "Grieskirchen"]
[Date "2013.11.17"]
[Round "5"]
[Board "3"]
[White "Singer, Christoph"]
[Black "Kranzl, Peter"]
[Result "1/2-1/2"]
[WhiteElo "2341"]
[BlackElo "2225"]
[PlyCount "96"]
[EventDate "2013.10.04"]
[EventType "team"]
[EventRounds "11"]
[EventCountry "AUT"]
[WhiteTeam "Spg. Grieskirchen/Sedda B.Schallerbach"]
[BlackTeam "ASK St. Valentin"]

1. e4 c6 2. d4 d5 3. exd5 cxd5 4. Bd3 Nc6 5. c3 Nf6 6. Bf4 Bg4 7. Nf3 e6 8.
Nbd2 Bd6 9. Bxd6 Qxd6 10. O-O O-O 11. Qe1 Nd7 12. Qb1 g6 13. h3 Bf5 14. Bxf5
gxf5 15. Qd3 Ne7 16. Rfe1 Ng6 17. c4 dxc4 18. Nxc4 Qa6 19. b3 Nf6 20. Qe3 Kg7
21. Nce5 Nd5 22. Qd2 Qd6 23. Rac1 Rac8 24. Rc4 Rc7 25. h4 Rfc8 26. h5 Nxe5 27.
Nxe5 h6 28. Rec1 b5 29. Rxc7 Rxc7 30. Rf1 Qb4 31. Qd1 Nc3 32. Qf3 Qxd4 33. Qg3+
Kh7 34. Re1 Ne4 35. Nf3 Nxg3 36. Nxd4 Ne4 37. Nxb5 Rc2 38. a4 a6 39. f3 Nf6 40.
Nd6 Kg7 41. Rb1 Nd5 42. b4 Rc6 43. Nb7 Rb6 44. Nc5 Rc6 45. Nd7 Rd6 46. Nc5 Rc6
47. Nd7 Rd6 48. Nc5 Rc6 1/2-1/2

[Event "2. Bundesliga Mitte 2013/2014"]
[Site "Grieskirchen"]
[Date "2013.11.17"]
[Round "5"]
[Board "4"]
[White "Theuretzbacher, Klaus"]
[Black "Lentrodt, Thomas"]
[Result "0-1"]
[WhiteElo "2265"]
[BlackElo "2282"]
[PlyCount "112"]
[EventDate "2013.10.04"]
[EventType "team"]
[EventRounds "11"]
[EventCountry "AUT"]
[WhiteTeam "ASK St. Valentin"]
[BlackTeam "Spg. Grieskirchen/Sedda B.Schallerbach"]

1. e4 e6 2. d4 d5 3. Nc3 Nf6 4. exd5 exd5 5. Bd3 Nc6 6. Nge2 Nb4 7. O-O Nxd3 8.
Qxd3 Be7 9. Re1 O-O 10. Ng3 c6 11. Bf4 Re8 12. Re2 Bf8 13. Rae1 Rxe2 14. Rxe2
Bg4 15. Re1 Nh5 16. Nxh5 Bxh5 17. a3 Qd7 18. Nd1 Bg6 19. Qd2 Re8 20. Re3 f6 21.
Rxe8 Qxe8 22. Ne3 Qe4 23. Bg3 c5 24. dxc5 d4 25. Nc4 Bxc5 26. b4 Bf8 27. f3
Qxc2 28. Qxd4 Bf7 29. Nd6 Qc1+ 30. Kf2 Qxa3 31. Bf4 Qa2+ 32. Kg1 Qd5 33. Qxd5
Bxd5 34. Kf2 g5 35. Bg3 f5 36. Be5 Bxd6 37. Bxd6 Kf7 38. Ke3 Ke6 39. Bc5 b6 40.
Bf8 a5 41. bxa5 bxa5 42. g3 a4 43. f4 gxf4+ 44. gxf4 Be4 45. Kd4 Kf7 46. Bd6
Kg6 47. h4 Kh5 48. Be7 Kg4 49. Ke3 h5 50. Kf2 Kxf4 51. Bd6+ Kg4 52. Be7 f4 53.
Bd6 f3 54. Be7 Kf5 55. Ke3 Ke6 56. Bf8 Kd5 0-1

[Event "2. Bundesliga Mitte 2013/2014"]
[Site "Grieskirchen"]
[Date "2013.11.17"]
[Round "5"]
[Board "5"]
[White "Humer, Wolfgang"]
[Black "Tober, Gerhard"]
[Result "1/2-1/2"]
[WhiteElo "2267"]
[BlackElo "2284"]
[PlyCount "123"]
[EventDate "2013.10.04"]
[EventType "team"]
[EventRounds "11"]
[EventCountry "AUT"]
[WhiteTeam "Spg. Grieskirchen/Sedda B.Schallerbach"]
[BlackTeam "ASK St. Valentin"]

1. e4 c6 2. Nc3 d5 3. Nf3 Bg4 4. h3 Bxf3 5. Qxf3 dxe4 6. Nxe4 e6 7. Be2 Nd7 8.
O-O Ngf6 9. d4 Nxe4 10. Qxe4 Nf6 11. Qd3 Bd6 12. c4 O-O 13. Rd1 Qe7 14. Bg5 h6
15. Bh4 Rad8 16. Qb3 e5 17. Bxf6 Qxf6 18. c5 Bb8 19. d5 cxd5 20. Rxd5 b6 21.
Rc1 e4 22. Rcd1 bxc5 23. Rxc5 Rxd1+ 24. Bxd1 Qd6 25. Rd5 Qh2+ 26. Kf1 Qh1+ 27.
Ke2 Qxg2 28. Qe3 f5 29. Bc2 Kh8 30. a4 Qg6 31. b4 f4 32. Bxe4 Qa6+ 33. Qd3 Qxa4
34. b5 Bc7 35. Kf3 Bb6 36. Rd7 Qa2 37. Qc2 Qe6 38. Qc6 Qxh3+ 39. Ke2 Qg4+ 40.
f3 Qg2+ 41. Kd3 Ba5 42. Rd6 Qd2+ 43. Kc4 Qc3+ 44. Kd5 Qb3+ 45. Qc4 Qxc4+ 46.
Kxc4 Rf6 47. Rxf6 gxf6 48. Kd5 h5 49. Ke6 h4 50. Bf5 Kg7 51. Bg4 Bd2 52. Kf5
Kf7 53. Bh3 Be3 54. Kg4 Kg6 55. Kxh4 Bf2+ 56. Kg4 Bg3 57. Bf1 f5+ 58. Kh3 Kf6
59. Kg2 Ke5 60. Bd3 Kd4 61. Bxf5 Kc5 62. Bd3 1/2-1/2

[Event "2. Bundesliga Mitte 2013/2014"]
[Site "Grieskirchen"]
[Date "2013.11.17"]
[Round "5"]
[Board "6"]
[White "Heimberger, Reinhard"]
[Black "Schueller, Ernst"]
[Result "1/2-1/2"]
[WhiteElo "2303"]
[BlackElo "2204"]
[PlyCount "135"]
[EventDate "2013.10.04"]
[EventType "team"]
[EventRounds "11"]
[EventCountry "AUT"]
[WhiteTeam "ASK St. Valentin"]
[BlackTeam "Spg. Grieskirchen/Sedda B.Schallerbach"]

1. d4 Nf6 2. g3 e6 3. Bg2 c5 4. e3 d5 5. Nf3 Nc6 6. O-O Qc7 7. b3 b6 8. Bb2 Ba6
9. Re1 Rc8 10. a3 Be7 11. Nbd2 O-O 12. dxc5 bxc5 13. c4 Rfd8 14. Qc2 h6 15.
Rac1 d4 16. exd4 Nxd4 17. Nxd4 cxd4 18. Ne4 Bb7 19. Red1 e5 20. b4 Nxe4 21.
Bxe4 Bg5 22. Bxb7 Qxb7 23. Rb1 Qf3 24. Rd3 Qc6 25. c5 Bf6 26. Qc4 Rd5 27. Re1
a6 28. Rdd1 Rcd8 29. Qd3 h5 30. Bc1 g6 31. f4 exf4 32. Bxf4 Rf5 33. Qe4 Qxe4
34. Rxe4 g5 35. Bd6 Kg7 36. Rf1 Kg6 37. Rc1 Rd5 38. Kf2 Kf5 39. Re2 d3 40. Rd2
Bd4+ 41. Kf3 g4+ 42. Kg2 Be3 43. Rf1+ Ke4 44. Rdd1 f5 45. Bf4 d2 46. Bxe3 Kxe3
47. Rf2 h4 48. Kf1 hxg3 49. hxg3 Rd3 50. Rxf5 Rc3 51. Re5+ Kf3 52. Rf5+ Kxg3
53. Ke2 Rf3 54. Rg5 Rf2+ 55. Ke3 Rf3+ 56. Ke2 Kf4 57. Rg7 Re3+ 58. Kf1 Rxa3 59.
c6 Rc3 60. c7 Rd4 61. Ke2 Re3+ 62. Kf2 Re8 63. Rf7+ Kg5 64. Kg3 Rd3+ 65. Kg2
Rc8 66. Rdf1 Rd6 67. Rd1 Kg6 68. Re7 1/2-1/2

[Event "2. Bundesliga Mitte 2013/2014"]
[Site "Gleisdorf"]
[Date "2013.11.17"]
[Round "5"]
[Board "1"]
[White "Petschar, Kurt"]
[Black "Freitag, Manfred"]
[Result "1/2-1/2"]
[WhiteElo "2303"]
[BlackElo "2382"]
[PlyCount "56"]
[EventDate "2013.10.04"]
[EventType "team"]
[EventRounds "11"]
[EventCountry "AUT"]
[WhiteTeam "SV Raika Rapid Feffernitz II"]
[BlackTeam "ESV Austria Graz"]

1. Nf3 d5 2. d4 c6 3. c4 Nf6 4. cxd5 cxd5 5. Nc3 Nc6 6. Bf4 Bf5 7. Qa4 Bd7 8.
Qc2 Rc8 9. e3 e6 10. a3 Nh5 11. Bg5 Be7 12. Bxe7 Qxe7 13. Bd3 Nf6 14. O-O O-O
15. h3 e5 16. dxe5 Nxe5 17. Be2 Rfd8 18. Qb3 Nxf3+ 19. Bxf3 Be6 20. Qa4 Qc5 21.
Rfd1 a6 22. Rd4 Rd7 23. Rad1 h6 24. e4 dxe4 25. Nxe4 Nxe4 26. Bxe4 Rcd8 27.
Rxd7 Rxd7 28. Rxd7 Bxd7 1/2-1/2